[Event "Aracaju op"]
[Site "Aracaju"]
[Date "2024.10.19"]
[Round "3"]
[White "Correia, Max do Carmo"]
[Black "De Lima, Julia Santana"]
[Result "1-0"]
[WhiteElo "2018"]
[BlackElo "1788"]
[PlyCount "35"]
[EventDate "2024.10.18"]
[EventType "swiss"]
[EventRounds "6"]
[EventCountry "BRA"]
[SourceTitle "CB44_2024"]
[Source "Chessbase"]
[SourceDate "2024.10.30"]
[SourceVersion "1"]
[SourceVersionDate "2024.10.30"]
[SourceQuality "1"]

1. e4 c5 2. d4 cxd4 3. Qxd4 e6 4. Nc3 Nc6 5. Qe3 Nf6 6. Bd2 Bb4 7. Bd3 0-0 8. 0-0-0 d5 9. exd5 Nxd5 10. Nxd5 Qxd5 11. Bxb4 Qxa2 12. Bxf8 Kxf8 13. Qc5+ Kg8 14. Qc3 Qa4 15. Qa3 Qf4+ 16. Kb1 Qxf2 17. Qd6 g6 18. Be4 1-0